Sahitya me stri swatva ki abhivyakti aur samkaleen nari chintan / (Record no. 1642)

MARC details
000 -LEADER
fixed length control field 00406nam a2200157Ia 4500
005 - DATE AND TIME OF LATEST TRANSACTION
control field 20241001135102.0
008 - FIXED-LENGTH DATA ELEMENTS--GENERAL INFORMATION
fixed length control field 240806s9999||||xx |||||||||||||| ||eng||
041 ## - LANGUAGE CODE
Language code of text/sound track or separate title eng
082 ## - DEWEY DECIMAL CLASSIFICATION NUMBER
Classification number 891.4309
Item number SINS
100 ## - MAIN ENTRY--AUTHOR NAME
Personal name Singh, Saroj
245 #0 - TITLE STATEMENT
Title Sahitya me stri swatva ki abhivyakti aur samkaleen nari chintan /
Statement of responsibility, etc Singh, Saroj
260 ## - PUBLICATION, DISTRIBUTION, ETC. (IMPRINT)
Name of publisher Sahitya Bhandar
300 ## - PHYSICAL DESCRIPTION
Number of Pages 180p.
650 ## - SUBJECT ADDED ENTRY--TOPICAL TERM
Topical Term Hindi
942 ## - ADDED ENTRY ELEMENTS (KOHA)
Koha item type Books
Holdings
Withdrawn status Lost status Damaged status Not for loan Permanent Location Current Location Shelving location Date acquired Cost, normal purchase price Full call number Accession Number Koha item type
        Central Library, CMP Central Library, CMP General stacks 07/08/2024 375.00 891.4309 SINS 84245 Books
        Central Library, CMP Central Library, CMP General stacks 07/08/2024 375.00 891.4309 SINS 84244 Books
        Central Library, CMP Central Library, CMP General stacks 07/08/2024 375.00 891.4309 SINS 84243 Books

Implemented and Maintained by Dr. Punit Kumar Singh

For any Suggestions/Queries, contact the library or email us at: library.cmpdc@gmail.com OR library@cmpcollege.ac.in

Website/OPAC is best viewed in Mozilla Browser at a resolution of 1366x768.